Statistics for All 1M+ Cities in the European Union on a Map

Click here to take the quiz!

General Stats

  • This quiz has been taken 70 times
    (35 since last reset)
  • The average score is 46 of 54

Answers on the Map

Answers color-coded by a green-red scale on the quiz's map according to % correct below.
 

Answer Stats

PopulationAnswer% Correct
3.7 mAthens
96%
4.5 mBerlin
96%
1.6 mDublin
96%
13.1 mParis
96%
4.3 mRome
96%
2.9 mWarsaw
96%
2.5 mAmsterdam
93%
5.1 mBarcelona
93%
1.2 mHelsinki
93%
2.8 mLisbon
93%
2.3 mLyon
93%
7.0 mMadrid
93%
5.0 mMilan
93%
2.5 mMunich
93%
3.3 mNaples
93%
2.7 mRotterdam – The Hague
93%
1.8 mStockholm
93%
3.0 mVienna
93%
2.8 mBrussels
89%
2.8 mCologne – Bonn
89%
2.1 mCopenhagen
89%
3.1 mHamburg
89%
1.9 mMarseille
89%
2.2 mPrague
89%
1.5 mSofia
89%
1.7 mTurin
89%
1.4 mBordeaux
85%
2.2 mBucharest
85%
2.8 mBudapest
85%
2.4 mFrankfurt
85%
1.5 mLille
85%
1.3 mPorto
85%
1.0 mRiga
85%
1.6 mSeville
85%
1.2 mZagreb
85%
1.4 mDüsseldorf
81%
1.3 mKraków
81%
5.3 mRuhr
81%
1.0 mAntwerp
78%
1.0 mBilbao
78%
1.0 mNantes
78%
2.4 mStuttgart
78%
1.8 mValencia
78%
1.0 mBremen
74%
1.1 mFlorence
74%
1.1 mGdańsk
74%
2.7 mKatowice
74%
1.3 mLeipzig – Halle
74%
1.0 mThessaloniki
74%
1.5 mToulouse
74%
1.3 mHanover
70%
1.0 mLódz
70%
1.1 mNuremberg
67%
1.3 mMannheim
56%

Score Distribution

Percentile by Number Answered

Percent of People with Each Score

Your Score History

You have not taken this quiz since the last reset